| 000 | 01003nac a22003137a 4500 | ||
|---|---|---|---|
| 001 | BR6002070 | ||
| 003 | BR-BrBNA | ||
| 005 | 20240105113028.0 | ||
| 008 | 230509b bl.|||m| |||| 00| 0 por d | ||
| 040 |
_aBR-BrBNA _bpor _cBiblioteca Nacional de Agricultura |
||
| 072 | _aE15; E70 | ||
| 090 | _aE15 BR6002070 | ||
| 110 | 1 |
_aDepartamento Estadual de Estatistica de Santa Catarina, Florianopolis (Brasil) _93176 |
|
| 245 | 1 | _aEstatisticas economicas de Santa Catarina [Brasil] | |
| 260 | 3 |
_aFlorianopolis, SC (Brasil): _c1970. |
|
| 300 | _a159 p. | ||
| 490 |
_aSerie Estatistica - Departamento Estadual de Estatistica de Santa Catarina (Brazil) _vno. 15 _x |
||
| 500 | _aNumerical data | ||
| 650 | _aINDUSTRIA AGRICOLA | ||
| 650 | _aTRANSPORTE | ||
| 650 | _aIMPORTACAO | ||
| 650 | _aEXPORTACAO | ||
| 650 | _aESTATISTICA DE PRODUCAO | ||
| 650 | _aMERCADO | ||
| 650 | _aCADASTRO | ||
| 650 | _aSANTA CATARINA | ||
| 909 |
_a202312 _bLúcia Elande _c55 _dLúcia Elande |
||
| 942 |
_2AGRIS _n0 _cMS |
||
| 999 |
_c261489 _d261489 |
||